MARC

LEADER 00000nas a2200000 a 4500
001 ssj0001745
003 WaSeSS
005 20200512172242.0
006 m d
007 cr n
008 020906c19629999waufr p s o 0 a0eng c
010 |a  2004235607 
016 7 |a 2066882-X  |2 DE-600 
022 |a 2325-7180  |y 0031-6016 
035 |a (WaSeSS)ssj0001745 
040 |a BUF  |b eng  |c BUF  |d OCLCQ  |d EYM  |d HLS  |d OCLCQ  |d DLC  |d OCLCQ  |d OCLCF  |d OCLCO  |d COO  |d OCL  |d OCLCO  |d OCLCQ  |d OCL  |d DEBBG  |d DEFHM  |d OCLCO  |d OCLCA  |d GILDS  |d OCLCO  |d AU@  |d OCLCO  |d VT2  |d NJT  |d WaSeSS 
042 |a pcc  |a nsdp 
050 1 4 |a ML1 
082 0 0 |a 780.5  |2 23 
130 0 |a Perspectives of new music (Online) 
222 0 |a Perspectives of new music  |b (Online) 
245 1 0 |a Perspectives of new music  |h [electronic resource]. 
260 |a Princeton, N.J. :  |b Published by Princeton University Press for the Fromm Music Foundation,  |c ©1962- 
310 |a Semiannual 
362 0 |a Vol. 1, no. 1 (fall 1962)- 
500 |a Title from title screen (JSTOR, viewed Oct. 8, 2003). 
500 |a Published by: Perspectives of New Music, fall/winter 1972- 
500 |a Place of publication varies. 
506 |a License restrictions may limit access. 
538 |a Mode of access: World Wide Web. 
588 |a Latest issue consulted: Vol. 42, no. 2 (summer, 2004) (JSTOR, viewed Dec. 05, 2012). 
648 7 |a 1900-1999  |2 fast 
650 0 |a Music  |y 20th century  |x History and criticism  |v Periodicals. 
650 0 |a Music  |y 20th century  |v Periodicals. 
650 7 |a Music  |2 fast  |0 (OCoLC)fst01030269 
650 7 |a Neue Musik  |2 gnd 
653 |a Periodical 
655 0 |a Electronic journals. 
710 2 |a Fromm Music Foundation. 
776 1 |t Perspectives of new music  |x 0031-6016  |w (DLC) 66089176  |w (OCoLC)1762140 
856 4 0 |z Full text available from Research Library: 07/01/1996 to 07/31/2002  |u https://search.proquest.com/publication/34469